Statistiques concernant Culture Générale - Série 2315

Cliquez ici pour prendre le quiz!

Statistiques générales

  • Ce quiz a été pris 112 fois
  • Le résultat moyen est 5 sur 10

Statistiques - réponses

QuestionRéponse% Correct
Lequel des cinq sens manque au serpent ?ouïe
95%
Quel est l'auteur du roman "La bête humaine" ? prénom et nomEmile Zola
65%
Quel était le style de musique de prédilection de John Coltrane ?jazz
63%
Quel coureur cycliste français était surnommé "Le blaireau" ? prénom et nomBernard Hinault
56%
De quel fleuve la rivière Inn est-elle un affluent ?Danube
45%
Que collection un conchyophile ?coquillages
38%
Qui a succédé à Margaret Thatcher au poste de premier ministre du Royaume Uni de 1990 à 1997 ? prénom et nom - voir photoJohn Major
30%
Quel auteur a créé le personnage de fiction de roman policier Rouletabille ?Gaston Leroux
22%
Quelle est la capitale des Bermudes ?Hamilton
21%
Quel est le prénom de ce personnage de fiction ?Joseph
15%

Distribution des résultats

Percentile par nombre de réponses

% des personnes avec chaque résultat

Votre développement - résultats

Vous n’avez pas pris ce quiz